000 01374cam a2200373 i 4500
001 000004988
003 DO-SdBNP
005 20250625121431.0
007 ta
008 850222s2010 dr 001 p spa
020 _a 9789993443230 (v.1)
020 _a978993443308 (v.2)
040 _aDO-SdBNP
_bspa
_cDO-SdBNP
_erda
082 4 _a371.32
_222
245 0 0 _aTexto integrado 3 :
_btercer grado /
_cHéctor Luis Grada Martínez, Miguel Ángel Cárdena Sánchez, Alejandra González Dávila, Eduardo González Terrones
260 _b
_b
264 _aSanto Domingo :
_bMinisterio de Educación,
_c2010.
300 _avolumenes ;
_c22 cm.
336 _2rdacontent
_atexto
_btxt
337 _2rdamedia
_asin mediación
_bn
338 _2rdacarrier
_avolumen
_bnc
490 0 _aConvergencia de medios
505 0 _av.1--
_tUnidad 1. Mi cuerpo y mi entorno--
_tMatemática U1--
_gv.2--
590 _aInventariado, 2020/VM
650 7 _aEducación preescolar
_98160
_2Lemb
_x
_zRepública Dominicana
700 1 _aCárdena Sánchez, Miguel Ángel
_914399
700 1 _a González Dávila, Alejandra
_e
_914400
700 1 _aGonzález Terrones
_988188
710 2 _aInstituto Latinoamericano de la Comunicación Educativa
_914401
710 1 _aRepública Dominicana
_bMinisterio de Educación
_972019
910 _aBtavárez
942 _2ddc
_cLBS1
956 _aVMateo
999 _c48901
_d48901